|
|
|
|
| LEADER |
00000nab a2200000 a 4500 |
| 001 |
vtls010668090 |
| 003 |
SK-MaSNL |
| 005 |
20260318043922.0 |
| 008 |
150420c20150407xo wr| 0 0slo |
| 038 |
|
|
|a RVGKPD
|
| 040 |
|
|
|a RVGKPD
|b slo
|c RVGKPD
|e AACR2
|
| 041 |
|
|
|a slo
|
| 044 |
|
|
|a xo
|c SK
|
| 080 |
|
|
|a 796.332
|2 2008
|
| 100 |
1 |
|
|a Csobádi, Karol,
|d 1956-2016
|4 aut
|9 1634959
|
| 245 |
1 |
0 |
|a Tatranu Betliar ušiel remízový zápas
|b gól inkasoval v záverečnej minúte
|c Karol Csobádi
|
| 246 |
3 |
|
|a Tatranu Betliar ušiel s Kokšov Bakšou remízový zápas [elektronický zdroj]
|
| 300 |
|
|
|b Fotogr.
|
| 610 |
2 |
7 |
|a Tatran Betliar (Betliar, Slovensko)
|2 rvgkpd
|9 1615373
|
| 650 |
0 |
7 |
|a futbal
|2 rvgkpd
|9 3291
|
| 651 |
|
7 |
|a Betliar (Slovensko)
|2 rvgkpd
|9 20285
|
| 651 |
|
7 |
|a Rožňava (Slovensko : okres)
|2 snkbucl
|9 19215
|
| 773 |
0 |
|
|t Rožňavský korzár : týždenník
|g Roč. IV, č. 14 (7.4.2015), s. 10
|x 1339-7311
|
| 852 |
|
|
|a RVGKPD
|b KIS3G
|
| 856 |
4 |
1 |
|u http://roznava.korzar.sme.sk/c/7736556/tatranu-betliar-usiel-s-koksov-baksou-remizovy-zapas.html
|
| 992 |
|
|
|a RBX
|
| 999 |
|
|
|c 3338539
|d 3340469
|